Курс опытной геометрии (Запись № 12446336)

Подробности
000 -МАРКЕР
контрольное поле 01157nam0a22003251 4500
001 - ИДЕНТИФИКАТОР ЗАПИСИ
контрольное поле RU\NLR\A1SV\159527
005 - ИДЕНТИФИКАТОР ВЕРСИИ
контрольное поле 20251203171251.9
035 ## - ДРУГИЕ СИСТЕМНЫЕ НОМЕРА
Идентификатор записи (NLR Aleph) 021997955
100 ## - ДАННЫЕ ОБЩЕЙ ОБРАБОТКИ
Данные общей обработки 20230802d1926 u y0rusy50 ca
101 0# - ЯЗЫК РЕСУРСА
Язык текста, звукозаписи и т.д. русский
102 ## - СТРАНА ПУБЛИКАЦИИ ИЛИ ПРОИЗВОДСТВА
Страна публикации российская федерация
200 1# - ЗАГЛАВИЕ И СВЕДЕНИЯ ОБ ОТВЕТСТВЕННОСТИ
Основное заглавие Курс опытной геометрии
Сведения, относящиеся к заглавию Индуктив.-лаб. метод излож.
Первые сведения об ответственности А.М.Астряб
205 ## - СВЕДЕНИЯ ОБ ИЗДАНИИ
Сведения об издании 11-е изд.
210 ## - ПУБЛИКАЦИЯ, РАСПРОСТРАНЕНИЕ И ДР.
Место издания, распространения и т.д. М.
-- Л.
Имя издателя, распространителя и т. д. Гос. изд-во
Дата издания, распространения и т.д. [1926]
215 ## - ФИЗИЧЕСКАЯ ХАРАКТЕРИСТИКА
Специфическое обозначение материала и объем 296 с.
Другие сведения о физической характеристике ил.
Размеры 22 см
225 ## - СЕРИЯ
Основное заглавие серии Учеб. пособия для шк. I и II ступени
225 ## - СЕРИЯ
Основное заглавие серии Пособия для трудовой шк.
300 ## - ОБЩИЕ ПРИМЕЧАНИЯ
Текст примечания На тит. л. дата: 1927. Датировано по штампу поступления в РНБ и РГБ
300 ## - ОБЩИЕ ПРИМЕЧАНИЯ
Текст примечания Напеч. в Ленинграде
620 ## - МЕСТО И ДАТА ПУБЛИКАЦИИ, ИСПОЛНЕНИЯ И Т. Д.
Город Москва
620 ## - МЕСТО И ДАТА ПУБЛИКАЦИИ, ИСПОЛНЕНИЯ И Т. Д.
Город Санкт-Петербург
700 #1 - ИМЯ ЛИЦА - ПЕРВИЧНАЯ ОТВЕТСТВЕННОСТЬ
Начальный элемент ввода Астряб
Часть имени, кроме начального элемента ввода А.М.
Даты 1879-1962
Расширение инициалов личного имени Александр Матвеевич
801 #0 - ИСТОЧНИК ЗАПИСИ
Страна российская федерация
Организация NLR
Дата составления 20230802
852 ## - МЕСТОНАХОЖДЕНИЕ И ШИФР ХРАНЕНИЯ
Идентификатор организации NLR
Шифр хранения (Call Number) 27/578
899 ## - ДАННЫЕ О МЕСТОНАХОЖДЕНИИ (устаревшее)
Местонахождение РГБ
942 ## - ДОПОЛНИТЕЛЬНЫЕ ЭЛЕМЕНТЫ ЗАПИСИ (АБИС)
Тип экземпляра АБИС Книга
980 ## - КОЛЛЕКЦИЯ
Название коллекции Национальная библиография
980 ## - КОЛЛЕКЦИЯ
Название коллекции Международный сводный каталог русской книги (1918-1926)

Нет доступных экземпляров.